Prietrž mračien v Rožňavskom okrese

Bibliographic Details
Corporate Author: Tlačová agentúra Slovenskej republiky (Author)
Format: Article
Language:Slovak
Subjects:

MARC

LEADER 00000nab a2200000 a 4500
001 vtls001011741
003 SK-MaSNL
005 20260305033845.0
008 040720e20020808xo 0 slo
035 |a RV12341 
040 |a RVGKPD  |b slo  |c RVGKPD  |e AACR2 
041 0 |a slo 
044 |a xo  |c SK 
080 |a 551.577  |2 1981 
080 |a 556.166  |2 1981 
110 2 |a Tlačová agentúra Slovenskej republiky  |4 aut  |9 177619 
245 0 0 |a Prietrž mračien v Rožňavskom okrese 
650 0 7 |a povodne  |2 RVGKPD  |9 15273 
651 7 |a Rožňava (Slovensko : okres)  |2 RVGKPD  |9 19215 
655 7 |a periodikum  |2 snkbucl  |9 29553 
773 0 8 |t Roľnícke noviny, č.152, 8.8.2002, s. 2 
852 |a ZVYKNI  |b KIS3GCP 
999 |c 3326521  |d 3328451